Constituciones vigentes de los principales estados de Europa, precedidas de una reseña histórica de los mismos

Saved in:
Bibliografiske detaljer
Main Authors: Abad de Aparicio, Hilario (Author), Coronel y Ortiz, Rafael (Author)
Format: Bog
Sprog:spansk
Udgivet: Madrid J. Antonio García 1872
Udgivelse:2a. ed
Serier:Estudios sobre Derecho Político
Fag:
Tags: Tilføj Tag
Ingen Tags, Vær først til at tagge denne postø!

MARC

LEADER 00000nam a2200000 a 4500
001 UCR4116
003 CL-VaPUC
008 980307e18720000SP |||||||||||||||||spa|d
082 0 4 |a 342.4  |b ABA  |2 21 
100 0 |a Abad de Aparicio, Hilario  |e author  |9 403765 
700 0 |a Coronel y Ortiz, Rafael  |e author  |9 403766 
245 1 0 |a Constituciones vigentes de los principales estados de Europa, precedidas de una reseña histórica de los mismos 
250 |a 2a. ed 
300 |a v 
942 |c BK 
945 |d 19980307 00:00:00  |a cmena 
260 |a Madrid  |b J. Antonio García  |c 1872 
650 0 |a Constituciones  |9 255417 
650 0 |a Derecho constitucional   |9 222588 
650 0 |a Derecho comparado  |9 255664 
650 0 |a Historia del derecho  |9 255109 
650 0 |a Derechos civiles y políticos   |9 338684 
650 0 |a Poder ejecutivo  |9 255177 
650 0 |a Poder legislativo  |9 258808 
650 0 |a Libertad individual  |9 352859 
651 0 |a Europa  |9 255156 
583 |a last modification  |c 19980307 00:00:00  |k Rodrigo Vera 
490 0 |a Estudios sobre Derecho Político 
999 |c 267068  |d 267066 
952 |0 0  |1 0  |4 0  |6 342_400000000000000_ABA_1872  |7 0  |8 X  |9 299222  |a BIBDER  |b BIBDER  |d 2019-11-20  |h v.1  |i 1957546  |o 342.4 ABA 1872  |p 1957546  |r 2023-01-25  |w 2019-11-20  |y BK_X  |k DER 
952 |0 0  |1 0  |4 0  |6 342_400000000000000_ABA_1872  |7 0  |8 X  |9 299223  |a BIBDER  |b BIBDER  |d 2019-11-20  |h v.2  |i 1953028  |o 342.4 ABA 1872  |p 1953028  |r 2023-01-25  |w 2019-11-20  |y BK_X  |k DER